Regional Report (Record no. 80924)

MARC details
000 -LEADER
fixed length control field 00926cab a22002055a 4500
001 - CONTROL NUMBER
control field L145719
008 - FIXED-LENGTH DATA ELEMENTS--GENERAL INFORMATION
fixed length control field 081103e20081031xxkad f s f000 0 eng d
035 ## - SYSTEM CONTROL NUMBER
System control number (Sirsi) u145719
041 0# - LANGUAGE CODE
Language code of text/sound track or separate title eng
100 1# - MAIN ENTRY--PERSONAL NAME
Personal name Eade, Christine
245 00 - TITLE STATEMENT
Title Regional Report
Remainder of title Wales
260 ## - PUBLICATION, DISTRIBUTION, ETC.
Date of publication, distribution, etc. 2007
490 ## - SERIES STATEMENT
Series statement Property Week
Volume/sequential designation 73(44) 31 October 2008, 73-82(7)
520 ## - SUMMARY, ETC.
Summary, etc. Reports the news and deals from around the country. Considers whether the St David 2 shopping centre will attract occupiers in light of the credit crunch. Questions the viability of an office development scheme in Cardiff. Explains how financing delays are holding up a regeneration project in Newport. Reveals how lettings on former manufacturing sites are regenerating the south Wales industrial market.
590 ## - LOCAL NOTE (RLIN)
Local note KA
651 #4 - SUBJECT ADDED ENTRY--GEOGRAPHIC NAME
Geographic name Wales
Chronological subdivision 2007-
690 ## - LOCAL SUBJECT ADDED ENTRY--TOPICAL TERM (OCLC, RLIN)
Topical term or geographic name as entry element PROPERTY-COMMERCIAL PROPERTY-COMMERCIAL PROPERTY MARKET
700 1# - ADDED ENTRY--PERSONAL NAME
Personal name Duxbury, Nick
942 ## - ADDED ENTRY ELEMENTS (KOHA)
Suppress in OPAC 0
Holdings
Withdrawn status Lost status Source of classification or shelving scheme Damaged status Not for loan Home library Current library Shelving location Date acquired Total Checkouts Full call number Barcode Date last seen Copy number Price effective from Koha item type
    Dewey Decimal Classification     London London Journal article 03/11/2008   L145719 145719-1001 06/08/2019 1 06/08/2019 Journal article